00461nam a2200181 a 4500001001300000003000900013005001700022008004100039020002500080082001300105100001900118245002400137260003400161300001000195500003500205650002000240700001900260nice12345678IN_TiNIC20260116014403.0131107s2004 lona grp 000 0 eng  a9780099458197c525.800a823bHUX aHuxley, Aldous aPoint Counter Point aLondon bVintage Books c2004 a569p  aincludes index and biblioraphy aEnglish-Fiction1 aHuxley, Aldous